Statistics for Famous Advertizing Slogans

Click here to take the quiz!

General Stats

  • This quiz has been taken 156 times
  • The average score is 7 of 15

Answer Stats

HintAnswer% Correct
Finger lickin' goodKFC
92%
Have it your wayBurger King
78%
Snap! Crackle! Pop!Rice Krispies
67%
Plop plop fizz fizz oh what a relief it isAlka Seltzer
56%
It's the real thingCoca-cola
56%
He keeps going and going and going...Energizer Batteries
55%
Think outside the bunTaco Bell
54%
The best a man can getGillette
53%
The Un-Cola7-Up
52%
Pizza! Pizza!Little Caesars
47%
What's in your wallet?Capital One Credit Card
45%
Because you're worth itLoreal
34%
Makes hamburgers taste like steak burgersA1
29%
...and you're done.Amazon
19%
Your world. DeliveredAT&T
3%

Score Distribution

Percentile by Number Answered

Percent of People with Each Score

Your Score History

You have not taken this quiz